000 00409 a2200145 4500
999 _c4124
_d4124
020 _a9781557866493
050 _aHQ1233 WOM 1998
245 _aWomen in Culture :
_ba women's Studies Anthology /
_cLucinda Joy Peach
264 _aOxford
_bBlackwell
_c1998
300 _a257. :
500 _aIncludes index
650 _aWomen
700 _aPeach Lucinda Joy
_eeditor
942 _2olc
_cBK
_hHQ
_iWOM
_k1233